| 000 | 01148nam a2200217Ia 4500 | ||
|---|---|---|---|
| 003 | Ost | ||
| 005 | 20260507075353.0 | ||
| 008 | 260507s9999||||xx |||||||||||||| ||und|| | ||
| 040 | _cfsecg | ||
| 041 | _aara | ||
| 082 | _a330 | ||
| 100 |
_aعبد الرحيم، محمد ابراهيم _eمؤلف |
||
| 245 | 0 |
_aاقتصاديات النقود والبنوك / _c محمد ابراهيم عبد الرحيم |
|
| 260 |
_aالاسكندرية: _bالدار التعليم الجامعي, _c2014 |
||
| 300 |
_a282 صفحة؛ _bإيضاحات ؛ _c24 سم |
||
| 520 | _aالتطور التاريخي للنقود- تعريف النقود ووظائفها- خصائص وسمات النقود- أنواع النقود- النظريات النقدية- النظام المالي و الاسواق المالية- البنوك التجارية- البنك المركزي و السياسة النقدية- تاريخ الازمات المالية- الفساد المالي العالمي- المؤسسات المالية الدولية | ||
| 653 | _aالإقتصاديات | ||
| 653 | _aالبنوك | ||
| 653 | _aالنقود | ||
| 942 | _cكتاب | ||
| 999 |
_c44162 _d44162 |
||